000 00947nam a22002177a 4500
999 _c22142
_d22142
003 AR-CdUCM
008 190429b ||||| |||| 00| 0 spa d
040 _aMUNICIPALIDAD PROVINCIAL DEL CUSCO
_cBIBLIOTECA MUNICIPAL DEL CUSCO
082 _aPulso/N°5/1996
245 _aPulso :
_bRevista cusqueña de actualidad y crítica /
_cLeonel Guzmán, Director
260 _aCusco.
_b[sn],
_c1996.
300 _a22 páginas. :
_c25 cm.
440 _aPulso.
_nAño II, N°5, noviembre 1996.
_947528
505 _aContenido: Anta vive una nueva luz.-- Cadena perpetua en Cusco. -- Crece la leyenda Aguayo. -- Quispicanchi avanza con obras. -- Turismo Choquequirao the place of gold. -- Guido Muelle dialoga con el Cusco. -- Solidaridad para Nazca.
650 _aPolítica cusqueña
_947381
650 _aSociedad cusqueña
_947493
650 _aSiglo XX
_947526
700 _aGuzmán Calderón, Leonel
_eDirector
_92855
942 _2ddc
_cPP
945 _arac